Statistics for All Car Brands in the World - Very Difficult

Click here to take the quiz!

General Stats

  • This quiz has been taken 134 times
    (113 since last reset)
  • The average score is 48 of 290

Answer Stats

Country of ManufactureAnswer% Correct
ItalianFerrari
89%
GermanAudi
84%
ItalianLamborghini
80%
AmericanFord
79%
SwedishVolvo
79%
GermanBMW
75%
ItalianFiat
75%
GermanPorsche
75%
JapaneseToyota
75%
GermanMercedes-Benz
73%
GermanVolkswagen
73%
JapaneseHonda
71%
KoreanHyundai
71%
JapaneseNissan
71%
ItalianMaserati
70%
FrenchPeugeot
70%
AmericanChevrolet
68%
FrenchCitroen
68%
FrenchRenault
68%
FrenchBugatti
66%
SwedishSaab
66%
BritishBentley
64%
KoreanKia
64%
CzechSkoda
64%
BritishAston Martin
63%
JapaneseMazda
63%
AmericanGeneral Motors
61%
RussianLada
61%
BritishMcLaren
61%
AmericanDodge
59%
BritishLand Rover
59%
JapaneseSuzuki
59%
AmericanCadillac
57%
AmericanChrysler
57%
AmericanJeep
57%
JapaneseSubaru
57%
GermanAdam Opel AG
55%
GermanOpel
55%
BrazilianPAG
55%
BritishRolls Royce
55%
SwedishKoenigsegg
54%
JapaneseLexus
54%
BritishMini
54%
JapaneseMitsubishi
54%
BritishJaguar
52%
ItalianPagani
52%
ItalianLancia
50%
IndianTata motors
50%
AmericanTesla
50%
AmericanBuick
48%
ItalianAbarth
46%
RomanianDacia
46%
JapaneseAcura
45%
AmericanGMC
45%
JapaneseInfiniti
45%
AmericanLincoln
45%
AustralianHolden
43%
GermanSmart
43%
BritishVauxhall
41%
JapaneseDaihatsu
36%
AmericanRam
36%
KoreanDaewoo
34%
GermanMaybach
34%
JapaneseIsuzu
32%
BritishMorgan
32%
ChineseGeely
30%
BritishAscari
29%
SwedishScania
29%
DutchSpyker
27%
ItalianAlpha Romeo
25%
KoreanProto
25%
KoreanSsang Yong
25%
FrenchAlpine
23%
ChineseBYD
23%
BritishCaterham
23%
MalaysianProton
23%
JapaneseScion
23%
IndianMahindra
21%
ChineseChery
18%
AustrianKTM
18%
AmericanSaleen
16%
BrazilianTroller
16%
ChineseBaic
14%
AmericanDelorean
14%
BritishNoble
14%
CroatianRimac
14%
DanishZenvo
14%
GermanAlpina
13%
ChineseBrilliance
13%
DutchDonkervoort
13%
AmericanKarma
13%
AmericanPanoz LLC
13%
BritishAC Cars
11%
BritishBAC
11%
RussianGAZ
11%
ChineseJAC
11%
AmericanMack
11%
RussianMarussia
11%
RussianUAZ
11%
BritishCaparo
9%
ChineseDongfeng
9%
RussianDragon
9%
ChineseFAW
9%
GermanGumpert
9%
AustralianHSV
9%
ChineseLandwind
9%
JapaneseMitsuoka
9%
BritishUltima
9%
FrenchAixam-Mega
7%
ChineseFoton
7%
AustralianFPV
7%
BritishGinetta
7%
IndianHindustan
7%
AmericanPolaris
7%
NorwegianTh!nk
7%
BrazilianAgrale
5%
PolishArrinera
5%
GermanBorgward
5%
NorwegianBuddy
5%
ChineseChang'an
5%
ItalianDR Motor Company
5%
IndianEicher
5%
ChineseGAC
5%
ItalianGruppo Bertone
5%
GermanIsdera
5%
RussianKamaz
5%
FrenchLigier
5%
BritishLister
5%
RussianMoskvich
5%
AmericanPeterbilt
5%
FrenchPGO
5%
BrazilianPuma
5%
ChineseSaic
5%
RussianVolga
5%
RussianZiL
5%
AmericanAC Propulsion
4%
JapaneseASL
4%
AmericanCallaway
4%
AmericanDevon
4%
IndianForce
4%
BelgianGillet
4%
BrazilianGurgel
4%
ChineseHafei
4%
AustralianJoss
4%
MoraccanLaraki
4%
ChineseLifan
4%
TaiwaneseLuxgen
4%
MexicanMastretta
4%
AmericanMosler
4%
BritishRadical
4%
ChineseRoewe
4%
AmericanRossion
4%
BrazilianTAC
4%
AmericanVector
4%
ChineseZotye
4%
IndianBajaj
2%
BrazilianBianco
2%
GermanBitter
2%
BrazilianBRM
2%
BritishBrooke
2%
MalaysianBufori
2%
BrazilianChamonix
2%
ChineseChanghe
2%
AmericanCoda
2%
BrazilianCorona
2%
ItalianCovini
2%
AustralianElfin
2%
ChineseEmgrand
2%
ChineseEnglon
2%
AmericanEquus
2%
BritishEterniti
2%
TurkishEtox
2%
FrenchExagon
2%
BrazilianFabral
2%
BrazilianFarus
2%
BrazilianFNM
2%
ChineseFoday
2%
ChineseGleagle
2%
ChineseGonow
2%
ChineseHongqi
2%
CanadianHTT
2%
MalaysianInokom
2%
CzechKaipan
2%
GreekKorres
2%
BritishLightning
2%
BulgarianLitex
2%
BrazilianLobini
2%
ItalianMazzanti
2%
Sri LankanMicro
2%
FrenchMicrocar
2%
BrazilianMiura
2%
MalaysianNaza
2%
BrazilianObvio
2%
MalaysianPerodua
2%
ChineseQoros
2%
SwissRinspeed
2%
BulgarianSIN
2%
TurkishTofas
2%
PolishUrsus
2%
DutchVencer
2%
MonacoianVenturi
2%
BritishWestfield
2%
ChineseZX Auto
2%
BrazilianAdamo
0%
IsraeliAIL
0%
RussianAleko
0%
BrazilianAmericar
0%
AmericanAM General
0%
BrazilianAmoritz GT
0%
AustralianAmuza
0%
AmericanAnteros
0%
AmericanAptera
0%
PortugueseAsterio
0%
BrazilianAurora
0%
PolishAutosan
0%
RussianAvtokam
0%
FrenchBolloré
0%
BrazilianBrasinca
0%
BritishBreckland
0%
AustralianCarbontech
0%
SwedishCaresto
0%
DutchCarice
0%
IndianChinkara
0%
BritishConnaught
0%
FrenchDe La Chapelle
0%
RussianDerways
0%
TurkishDiardi
0%
ArgentinianDonto
0%
AustralianDRB
0%
ItalianEffedi
0%
SwedishEsther
0%
AustralianE-Vade
0%
BrazilianFibravan
0%
ItalianFornasari
0%
PolishFSC
0%
BritishGibbs
0%
BritishGrinnall
0%
BrazilianHofstetter
0%
IndianHradyesh
0%
New ZealandHulme
0%
IndianICML
0%
BelgianImperia
0%
IndonesianIndoMoble
0%
BritishInvicta
0%
PolishJelcz
0%
GermanJetcar
0%
ChineseJonway
0%
TurkishKarsan
0%
GermanKeinath
0%
SwissLeBlanc
0%
GermanLotec
0%
ChineseMycar
0%
AustralianNota
0%
KenyanNyayo
0%
LiechtensteinerOrca
0%
TurkishOtokar
0%
FrenchPanhard
0%
South AfricanPerana
0%
ChinesePolarsun
0%
IndianPremier
0%
KoreanPyeonghwa
0%
SlovenianRevoz
0%
GermanRoding
0%
BrazilianRomi
0%
BrazilianRossin-Bertin
0%
PersianSAIPA
0%
New ZealandSaker
0%
BrazilianSanta Matilde
0%
SwissSbarro
0%
RussianSilant
0%
AlgerianSNVI
0%
PolishSolaris
0%
PolishSolbus
0%
MoroccanSomaca
0%
EgyptianSperanza
0%
RussianSpetsteh
0%
BrazilianSTV
0%
MalaysianTan Chong
0%
AmericanTanom
0%
SpanishTauro
0%
IndonesianTawon
0%
TurkishTemsa
0%
FinnishToroidion
0%
ChineseTrumpche
0%
South AfricanUri
0%
BrazilianVemag
0%
ChineseWheego
0%
BrazilianWMV
0%
BritishZenos
0%
AmericanZimmer
0%

Score Distribution

Percentile by Number Answered

Percent of People with Each Score

Your Score History

You have not taken this quiz since the last reset